MARC

LEADER 00000nmm0a2200000 4500
001 48615
005 20231031031935.0
010 |a 5947233371 
035 |a (RuTPU)RU\TPU\book\50916 
090 |a 48615 
100 |a 20030320d2003 km y0rusy50 ca 
101 1 |a rus  |c eng 
102 |a RU 
105 |a y z 001zy 
200 1 |a PostgreSQL   |e пер. с англ.  |f Дж. Уорсли, Дж. Дрейк 
210 |a СПб.  |c Питер  |d 2003 
215 |a 496 с.  |e Приложение: CD-ROM 
225 1 |a Для профессионалов 
320 |a Алф. указ.: с. 493-496 
610 1 |a информатика 
610 1 |a базы данных 
610 1 |a управление 
610 1 |a СУБД 
610 1 |a PostgreSQL 
610 1 |a SQL 
610 1 |a администрирование 
610 1 |a аутентификация 
610 1 |a шифрование 
610 1 |a CD-ROM 
675 |a 681.324.016  |v 3 
700 1 |a Уорсли  |b Дж.  |g Джон 
701 1 |a Дрейк  |b Дж.  |g Джошуа 
801 1 |a RU  |b 63413507  |c 20030320  |g PSBO 
801 2 |a RU  |b 63413507  |c 20150409  |g PSBO 
942 |c MX